Quiz logiczny - Korelacja słów #2 - Statystyki

Ogólne statystyki
  • Ten quiz został rozwiązany 65 razy
  • Średni wynik to 29 z 40
Statystyki odpowiedzi
Korelacja Pierwsze słowo do tej samej korelacji Drugie słowo do tej samej korelacji % Poprawnych
Palec - Pierścionek Kolczyk Ucho
96%
Skandynawia - Półwysep Madagaskar Wyspa
95%
Śnieżyca - Płatek Ulewa Kropla
93%
Ucho - Laryngolog Oko Okulista
93%
Dąb - Liść Sosna Igła
91%
Widok - Oko Zapach Nos
91%
Samochód - Ulica Pieszy Chodnik
89%
Iść - Zielony Stać Czerwony
89%
Rękawica - Dłoń But Stopa
89%
Linijka - Prosta Cyrkiel Okrąg
87%
Rzeka - Słodka Morze Słona
87%
Wiosna - Marzec Jesień Wrzesień
85%
Butelka - Szkło Puszka Metal
84%
Film - Kamera Aparat Zdjęcie
84%
Gumka - Ołówek Korektor Długopis
82%
Microsoft - Xbox Sony PlayStation
82%
Ryba - Skrzela Ssak Płuca
82%
Pan Tadeusz - Adam Potop Henryk
80%
Słowa - Litera Muzyka Nuta
80%
Motorówka - Silnik Kajak Wiosło
80%
Lodówka - Zimno Piecyk Ciepło
78%
Ryba - Łuski Ptak Pióra
76%
Vivaldi - Skrzypce Chopin Fortepian
75%
Samochód - Kierowca Samolot Pilot
73%
Spodnie - Nogawki Bluza Rękawy
73%
Słońce - Gwiazda Saturn Planeta
71%
Nietoperz - Wampir Wilk Wilkołak
71%
Wjechać - Winda Wejść Schody
69%
Rzym - Włochy Zagrzeb Chorwacja
67%
Warszawa - Wisła Londyn Tamiza
64%
Stany Zjednoczone - Dolar Japonia Jen
53%
Włosy - Łysy Zęby Szczerbaty
53%
Siatkówka - Siatkarz Piłka ręczna Szczypiornista
53%
Prostokąt - Kwadrat Równoległobok Romb
51%
Europa - Mount Blanc Afryka Kilimandżaro
47%
Tequila - Agawa Sake Ryż
42%
Jowisz - Zeus Wenus Afrodyta
40%
Plastik - Nakrętka Metal Kapsel
36%
Animacja - Anime Komiks Manga
25%
Nintendo - Mario Sega Sonic
15%
Nie znaleziono quizów pasujących do podanych kryteriów
Rozkład punktacji
Procent ludzi z każdym wynikiem
Percentyl według liczby udzielonych odpowiedzi
Twoja historia wyników
Nie rozwiązałeś tego quizu